| 000 | 01098nem0a2200277 4500 | ||
|---|---|---|---|
| 001 | RU\NLR\BIBL_A\011970531 | ||
| 005 | 20260409065114.0 | ||
| 035 | _a(NLR Aleph) 011970531 | ||
| 090 |
_a11253801 _c11253801 |
||
| 100 | _a20190325d1973 |||y0rusy50 ca | ||
| 101 | 0 | _arus | |
| 102 | _aRU | ||
| 120 | _abyy xx|| | ||
| 123 | 1 |
_aa _b600000 |
|
| 200 | 1 |
_aЛьвовская область _bКарты _eАдм. деление дано на декабрь 1972 г. _fСост. ф-кой №1 в 1971 г., испр. в 1973 г. _gРед. Ремизовская Т.А. |
|
| 206 | _a1:600 000, 6 км в 1 см | ||
| 210 |
_aМосква _cГУГК _d1973 |
||
| 215 |
_a1 к. _cцв. _d48х40 см |
||
| 509 | 0 | 1 |
_7ca _aЛьвовская _gобласть _92638868 _3RU\NLR\AUTH\5507896 |
| 607 |
_aЛьвовская область _jКарты _91652485 _3RU\NLR\AUTH\66731466 |
||
| 608 |
_aАдминистративные карты _3RU\NLR\AUTH\667834 _9901648 |
||
| 702 | 1 |
_aРемизовская _bТ.А. _4340 |
|
| 852 |
_aNLR _bК _j4-Укр 1/169 _m89617 |
||
| 942 | _cMAP | ||
| 980 | _aNB | ||